Návrh systému na riadenie chladenia výrobnej linky
Salvato in:
| Autore principale: | |
|---|---|
| Altri autori: | |
| Natura: | Manoscritto Libro |
| Lingua: | slovacco |
| Pubblicazione: |
2022
|
| Soggetti: | |
| Accesso online: | http://is.stuba.sk/zp/portal_zp.pl?podrobnosti=164343 |
| Tags: |
Nessun Tag, puoi essere il primo ad aggiungerne!!
|
MARC
| LEADER | 00000ntm a22000003a 4500 | ||
|---|---|---|---|
| 001 | stuzp88418 | ||
| 003 | SK-STU | ||
| 005 | 20220611211252.1 | ||
| 007 | ta | ||
| 008 | 150427s2015----xo-----f-mn---000-0-slo-d | ||
| 040 | |a STU |b slo | ||
| 041 | 0 | |a slo | |
| 100 | 1 | |a Stano, Filip |u 066000 |k Z4 |4 aut |U MTF Materiálovotechnologická fakulta |T MTF Ústav aplikovanej informatiky, automatizácie a mechatroniky |X 91737 |U M6000 |Y 86 |7 91737 | |
| 242 | 0 | 1 | |a Design of a production line cooling control system |y eng |
| 245 | 1 | 0 | |a Návrh systému na riadenie chladenia výrobnej linky |
| 260 | |c 2022 | ||
| 650 | 4 | |a PLC |2 slo | |
| 650 | 4 | |a vizualizácia |2 slo | |
| 650 | 4 | |a S-1200 |2 slo | |
| 650 | 4 | |a HMI |2 slo | |
| 650 | 4 | |a chladenie |2 slo | |
| 650 | 4 | |a TIA Portal |2 slo | |
| 650 | 4 | |a cooling |2 eng | |
| 650 | 4 | |a TIA Portal |2 eng | |
| 650 | 4 | |a S-1200 |2 eng | |
| 650 | 4 | |a visualization |2 eng | |
| 650 | 4 | |a HMI |2 eng | |
| 650 | 4 | |a PLC |2 eng | |
| 700 | 1 | |a Halenár, Igor |u 066000 |k Z1 |4 ths |U MTF Materiálovotechnologická fakulta |T MTF Ústav aplikovanej informatiky, automatizácie a mechatroniky |X 2860 |U M6000 |Y 86 |7 A000002860 | |
| 856 | 4 | |u http://is.stuba.sk/zp/portal_zp.pl?podrobnosti=164343 | |